000 01086nac a22003017a 4500
001 BR5500123
003 BR-BrBNA
005 20240105112915.0
008 230509b bl.|||m| |||| 00| 0 por d
040 _aBR-BrBNA
_bpor
_cBiblioteca Nacional de Agricultura
072 _aF25; F23
090 _aF25 BR5500123
100 1 _aSampaio, J. de V.
110 1 _aInstituto Agronomico do Leste, Cruz das Almas, BA (Brasil)
_95624
111 1 _a5. Congresso Brasileiro de Ciencia do Solo
_cPelotas, RS (Brazil)
_dJul 1955
245 1 _aTerras pretas do vale do Paraguacu (Bahia)[Classificacao do solo; Fertilidade do solo; Analise do solo; Brasil]
_bNota previa
260 3 _aCruz das Almas, BA (Brasil):
_c1955.
300 _ap. 29-38
490 _aBoletim Tecnico - Instituto Agronomico do Leste (Brazil)
_vv. 2(1)
_x
500 _a10 ref.; Summary (Pt)
650 _aFERTILIDADE DO SOLO
650 _aCLASSIFICACAO DO SOLO
650 _aFERTILIDADE
650 _aANALISE DO SOLO
650 _aBAHIA
909 _a202312
_bLúcia Elande
_c55
_dLúcia Elande
942 _2AGRIS
_n0
_cMS
999 _c260878
_d260878